000
00319nam a2200121Ia 4500
008
220204s9999 xx 000 0 und d
082
_a
661.185
_b
CUT.2;1
245
0
_a
Detergency: Theory and test methods.Pt 2
260
_a
New York
_b
Marcel Dekker
_c
1975
700
_a
Cutler, W G
700
_a
Davis, R C
942
_c
BK
999
_c
32056
_d
32056